| 000 | 00441nam a2200181Ia 4500 | ||
|---|---|---|---|
| 005 | 20251006225601.0 | ||
| 008 | 251006t1999||||xx |||||||||||||| ||und|| | ||
| 040 | _aCBC | ||
| 245 | _aSeguridad nacional y ciudadana | ||
| 300 | _ap. 57-58 | ||
| 650 | _aCIUDADANIA | ||
| 650 | _aFUERZAS ARMADAS | ||
| 650 | _aSEGURIDAD NACIONAL | ||
| 651 | _aCOLOMBIA | ||
| 651 | _aVENEZUELA | ||
| 773 | _aTablero Vol. 23 No. 62 (1999) | ||
| 942 | _tMJCh | ||
| 999 |
_c13754 _d13754 |
||